| 000 | 00568nam a2200205 u 4500 | ||
|---|---|---|---|
| 005 | 20240228064240.0 | ||
| 008 | 160511s2009 mx r 000 0 spa d | ||
| 020 | _a9786077586074 | ||
| 035 | _aUPN01000210245 | ||
| 049 | _aI | ||
| 050 | 4 |
_aPZ71 _bE8.4 |
|
| 100 | 1 |
_aEspinosa, Nury _939391 |
|
| 245 | 1 | 0 |
_aPequeño grande pequeño / _cNury Espinosa. |
| 260 |
_aMéxico : _bRíos de Tinta, _c2009. |
||
| 300 |
_a[26] p. : _bil. col. |
||
| 440 | 0 |
_aComo tú. _pEncuentros |
|
| 650 | 4 |
_aLibros y lectura para niños _92290 |
|
| 905 | _aInfantil | ||
| 999 |
_c182346 _d182346 |
||